Mezinárodní hospodářské organizace a multinacionální podniky

Gespeichert in:
Bibliographische Detailangaben
1. Verfasser: Smrčka, Jaroslav
Format: Buch
Sprache:Tschechisch
Veröffentlicht: Praha Inst. říz. 1985
Ausgabe:1. vyd.
Schriftenreihe:Výsledky výzkumu IŘ F 64
Tags: Tag hinzufügen
Keine Tags, Fügen Sie das erste Tag hinzu!

MARC

LEADER 00000nam a2200000 4500
001 c024998
005 20250519140854.7
041 0 |a cze 
044 |a CZ 
245 1 0 |a Mezinárodní hospodářské organizace a multinacionální podniky  |c Jaroslav Smrčka 
250 |a 1. vyd. 
264 1 |a Praha  |b Inst. říz.  |c 1985 
300 |a 41 s. 
490 1 |a Výsledky výzkumu IŘ  |v F 64 
830 0 |a Výsledky výzkumu IŘ  |v F 64 
100 1 |a Smrčka, Jaroslav